Statistics for Most Important Presidents

Click here to take the quiz!

General Stats

  • This quiz has been taken 216 times
  • The average score is 7 of 10

Answer Stats

Rank President Name % Correct
3Franklin D. Roosevelt
89%
4Thomas Jefferson
83%
5Theodore Roosevelt
82%
7Harry S. Truman
65%
10John Adams
64%
1Abraham Lincoln
60%
2George Washington
59%
8Woodrow Wilson
58%
9Dwight D. Eisenhower
55%
6Andrew Jackson
49%

Score Distribution

Percentile by Number Answered

Percent of People with Each Score

Your Score History

You have not taken this quiz